Easternmost Island Countries - Statistics

General Stats
  • This quiz has been taken 71 times
  • The average score is 10 of 11
Answer Stats
Longitude Countries % Correct
166°57'E Nauru (Nauru Island East Coast)
98%
134°42'E Palau (Kayangel Atoll)
95%
159°24'E Papua New Guinea (Nukumanu Islands, North Solomons)
95%
170°10'E Solomon Islands (Fatutaka island, Temotu Province)
95%
179°51'E Tuvalu (Nukulaelae island)
95%
163°01'E F.S Micronesia (Kosrae Island, Eastern Point)
93%
141°05'E Indonesia (Merauke)
93%
172°09'E Marshall Islands (Knox Atoll)
91%
153°59'11"E Japan (Minami Torishima, Ogasawara, Tokyo)
89%
170°13'E Vanuatu (Futuna Island, Tafea Province)
89%
127°19'30"E East Timor (Island of Jaco, Lautém District)
79%
No matching quizzes found
Score Distribution
Percent of People with Each Score
Percentile by Number Answered
Your Score History
You have not taken this quiz